| 000 | 00760nam a2200289Ia 4500 | ||
|---|---|---|---|
| 001 | 67243 | ||
| 003 | IT-RoPAU | ||
| 008 | 130308s9999 xx 000 0 und d | ||
| 040 | _aIT-RoPAU | ||
| 040 | _cIT-RoPAU | ||
| 041 | _aITALIANO | ||
| 100 | _aFerrarotti Franco | ||
| 100 | _gCodice Aut. SPICS: 6706 | ||
| 245 | _a"Autori e critici: ""intellettuali""?" | ||
| 245 | _bCritici e Autori: complici E/O Avversari? | ||
| 250 | _a1a ed. | ||
| 260 | _aVENEZIA | ||
| 260 | _bMarsilio | ||
| 260 | _c1976 [1° Ed.:1976 - Ed.Ling.Originale:1974] | ||
| 300 | _a"8 p. (prefazione: no ; testo: 8 [pagine: 13-20])" | ||
| 650 | _aSAGGI SUL CINEMA | ||
| 650 | _eCodice materia Spics: 6811 | ||
| 942 | _cBK | ||
| 957 | _71 | ||
| 999 |
_c54934 _d54934 |
||
| 999 | _bSI | ||
| 999 | _g1 | ||